Sports Quiz

Random Sports or Rock Quiz

The Rock's Wrestlemania Opponents (Clickable) Quiz Stats

 Plays Quiz not verified by Sporcle

Challenge
Share
Tweet
Embed
Score 0/12 Timer 03:00
0 Plays Today
% Correct
John Cena
88.6%
Steve Austin
85%
Hulk Hogan
82.6%
Big Show
81.7%
Triple H
80.9%
Mick Foley
79.3%
Ken Shamrock
72.4%
Batista
70.8%
Randy Orton
70%
Erick Rowan
67.1%
Ric Flair
64.7%
Rikishi
49.5%

You're not logged in!

Compare scores with friends on all Sporcle quizzes.
Join for Free
OR
Log In

You Might Also Like...

Show Comments

Extras

Top Quizzes Today


Score Distribution

Your Account Isn't Verified!

In order to create a playlist on Sporcle, you need to verify the email address you used during registration. Go to your Sporcle Settings to finish the process.

Report this User

Report this user for behavior that violates our Community Guidelines.

Details: